000 00725nam a2200277Ia 4500
003 OSt
005 20221005082906.0
006 a|||||r|||| 00| 0
007 ta
008 221004b |||||||| |||| 00| 0 eng d
020 _a0074637363
024 _a31808
037 _cTextual
040 _aCRL
_cCRL
_beng
041 _2eng
_aeng
082 _aD65,8(B), M7
100 _aMillman Jacob
_9423112
245 0 _aMicroelectronics
250 _a2nd
260 _aNew Delhi
_bTata McGraw Hill Publishing Company India
_c1987
300 _a1001p.
_ccm.
650 _aENGINEERING
700 _a Grabel Arvin
942 _hD65,8(B), M7
_cTEXL
_2cc
999 _c990008
_d990008